000 00828nam a2200229Ii 4500
003 JO-AjNU
008 230605s9999||||xx |||||||||||||| ||und||
017 _a2009/9/4082
020 _a978-9957-82-007-7
040 _aJO-AjNU
_bara
_erda
_cJO-AjNU
041 _aara
050 1 4 _aBF723.K43.2010
100 3 _aالخواجا،عبد الفتاح,
_eauthor
_929426
245 0 0 _aمفاهيم أساسية في الصحة النفسية والإرشاد النفسي
250 _aط1
264 3 1 _aعمان:دار البداية ناشرون وموزعون ، 2010
300 _a221ص
336 _atext
_btxt
_2rdacontent
337 _aunmediated
_bn
_2rdamedia
338 _avolume
_bnc
_2rdacarrier
650 4 _aالطب النفسي-الصحة النفسية-الارشاد النفسي-ارشاد الطلاب
_929427
999 _aA11542
_c15110
_d15110